Normal view
MARC view
- التربية الخاصة-صعوبات التعلم
Entry Topical Term
001 - CONTROL NUMBER
- control field: 27342
003 - CONTROL NUMBER IDENTIFIER
- control field: JO-AjAnu
005 - DATE AND TIME OF LATEST TRANSACTION
- control field: 20230606074639.0
008 - FIXED-LENGTH DATA ELEMENTS
- fixed length control field: 230606|| aca||aabn | a|a d
040 ## - CATALOGING SOURCE
- Original cataloging agency: JO-AjAnu
- Transcribing agency: JO-AjAnu
150 ## - HEADING--TOPICAL TERM
- Topical term or geographic name entry element: التربية الخاصة-صعوبات التعلم
670 ## - SOURCE DATA FOUND
- Source citation: Work cat.: (JO-AjAnu)14042: الامام،محمد صالح ، الجوالدة،فؤاد عيد, author 27341, السلوكيات الدالة على نظرية العقل=Indicative Behaviors of Theory of Mind